Biología y fisiología celular

-д хадгалсан:
Номзүйн дэлгэрэнгүй
Үндсэн зохиолчид: Berkaloff, Andre (Зохиогч), Bourguet, Jacques (Зохиогч), Favard, Pierre (Зохиогч), Guinnebault, Maxime (Зохиогч)
Формат: Ном
Хэл сонгох:испани
Хэвлэсэн: Barcelona Ediciones Omega 1972
Хэвлэл:3a. ed
Нөхцлүүд:
Шошгууд: Шошго нэмэх
Шошго байхгүй, Энэхүү баримтыг шошголох эхний хүн болох!

MARC

LEADER 00000cam a2200000 a 4500
001 UCF6366
003 CL-VaPUC
008 130425e19720000SP |||||||||||||||||spa|d
020 |a 8428202281 
082 0 4 |a 571.6  |b BER  |2 21 
100 0 |a Berkaloff, Andre  |e author  |9 568327 
700 0 |a Bourguet, Jacques  |e author  |9 568328 
700 0 |a Favard, Pierre  |e author  |9 568329 
700 0 |a Guinnebault, Maxime  |e author  |9 568330 
245 1 0 |a Biología y fisiología celular 
250 |a 3a. ed 
300 |a 324 p 
942 |c BK 
945 |d 20130425 00:00:00  |a dcastane 
260 |a Barcelona  |b Ediciones Omega  |c 1972 
650 0 |a Citología  |9 261432 
650 0 |a Células   |9 269548 
650 0 |a Fisiología celular   |9 261425 
583 |a last modification  |c 20130425 11:23:00  |k Rodrigo Vera 
999 |c 351587  |d 351585